Southville International School and Colleges
Your cart is empty.
  • Cart
  • Lists
    Public lists Eva Luna New books Lux_list list_1
    Your lists Log in to create your own lists
  • Log in to your account
  • Your cookies
  • Search history
Southville International School and Colleges
  • Advanced search
  • Recent comments
  • Most popular
  • Libraries

Log in to your account

Log in with GOOGLE


If you do not have an external account, but do have a local account, you can still log in:

  1. Home
  2. MARC view: The intelligent woman's guide to socialism, capitalism, sovietism, and fascism /
Normal view MARC view ISBD view

The intelligent woman's guide to socialism, capitalism, sovietism, and fascism / (Record no. 288489)

[ view plain ]
MARC details
000 -LEADER
fixed length control field 00579nam a22001930 4500
003 - CONTROL NUMBER IDENTIFIER
control field PILC
005 - DATE AND TIME OF LATEST TRANSACTION
control field 20150826072919.0
008 - FIXED-LENGTH DATA ELEMENTS--GENERAL INFORMATION
fixed length control field /0/1
050 ## - LIBRARY OF CONGRESS CALL NUMBER
Classification number HX 246
Item number .Sh5 1937
100 1# - MAIN ENTRY--PERSONAL NAME
Personal name Shaw, George Bernard,
Dates associated with a name 1856-1950.
245 14 - TITLE STATEMENT
Title The intelligent woman's guide to socialism, capitalism, sovietism, and fascism /
Statement of responsibility, etc Bernard Shaw.
260 ## - PUBLICATION, DISTRIBUTION, ETC. (IMPRINT)
Place of publication, distribution, etc Harmondswoth :
Name of publisher, distributor, etc Penguin,
Date of publication, distribution, etc 1937.
300 ## - PHYSICAL DESCRIPTION
Extent 525 pages ;
Dimensions 18 cm.
440 ## - SERIES STATEMENT/ADDED ENTRY--TITLE
Title Pelican books.
500 ## - GENERAL NOTE
General note Includes index.
650 ## - SUBJECT ADDED ENTRY--TOPICAL TERM
Topical term or geographic name as entry element Capitalism.
650 ## - SUBJECT ADDED ENTRY--TOPICAL TERM
Topical term or geographic name as entry element Socialism.
942 ## - ADDED ENTRY ELEMENTS (KOHA)
Source of classification or shelving scheme Library of Congress Classification
Koha item type Books
Holdings
Withdrawn status Lost status Source of classification or shelving scheme Damaged status Home library Current library Shelving location Date acquired Source of acquisition Total Checkouts Full call number Barcode Date last seen Price effective from Koha item type
    Library of Congress Classification   Archives Archives   08/26/2015 Donation   HX 246 .Sh5 1937 C19788 05/15/2018 08/26/2015 Books

The intelligent woman's guide to socialism, capitalism, sovietism, and fascism /

APA

Shaw G. B., . (1937). The intelligent woman's guide to socialism, capitalism, sovietism, and fascism. Harmondswoth: Penguin.

Chicago

Shaw George Bernard, . 1937. The intelligent woman's guide to socialism, capitalism, sovietism, and fascism. Harmondswoth: Penguin.

Harvard

Shaw G. B., . (1937). The intelligent woman's guide to socialism, capitalism, sovietism, and fascism. Harmondswoth: Penguin.

MLA

Shaw George Bernard, . The intelligent woman's guide to socialism, capitalism, sovietism, and fascism. Harmondswoth: Penguin. 1937.

  • Place hold
  • Print
  • Cite
  • Add to your cart (remove)
  • Save record
    BIBTEX Dublin Core MARCXML MARC (non-Unicode/MARC-8) MARC (Unicode/UTF-8) MARC (Unicode/UTF-8, Standard) MODS (XML) RIS
  • More searches
    Search for this title in:
    Other Libraries (WorldCat) Other Databases (Google Scholar) Online Stores (Bookfinder.com) Open Library (openlibrary.org)

Exporting to Dublin Core...

SOUTHVILLE LIBRARY

Southville International School and Colleges Library

1281 Tropical Ave. Cor. Luxembourg St., BF Homes International, Las Pinas City

Tel. No. 8256374 / 252358 Loc. 117/146

Powered by Koha